000 00512nam a2200193Ia 4500
005 20250508165951.0
008 008 250505s9999 xx 000 0 eng d
020 _a0-87773-485-2
037 _aTextual
040 _aFEDL
_beng
_cFEDL
041 _aeng
_2eng
084 _a305.4, MUR
_qFEDL
100 _aMurdock Maureen
_9782549
245 0 _aHeroine's journey
260 _aBoston, USA
_bShambhala
_c1990
300 _axii, 213p.
942 _cTEXL
_h305.4, MUR
999 _c1398452
_d1398452